Open doors : Student's book 1

שמור ב:
מידע ביבליוגרפי
מחבר ראשי: Whitney, Norman
פורמט: ספר
שפה:Undetermined
יצא לאור: Oxford Oxford University Press 1994
נושאים:
תגים: הוספת תג
אין תגיות, היה/י הראשונ/ה לתייג את הרשומה!
Thư viện lưu trữ: Trung tâm Học liệu Trường Đại học Cần Thơ
LEADER 00572nam a2200217Ia 4500
001 CTU_93289
008 210402s9999 xx 000 0 und d
020 |c 115000 
082 |a 428.24 
082 |b W621/B.1 
100 |a Whitney, Norman 
245 0 |a Open doors : 
245 0 |b Student's book 1 
245 0 |c Norman Whitney 
260 |a Oxford 
260 |b Oxford University Press 
260 |c 1994 
650 |a English language 
650 |x Textbooks for foreign speakers 
904 |i Năm,Hải 
980 |a Trung tâm Học liệu Trường Đại học Cần Thơ